| 000 | 00952nac a22002777a 4500 | ||
|---|---|---|---|
| 001 | BR8304338 | ||
| 003 | BR-BrBNA | ||
| 005 | 20240105115815.0 | ||
| 008 | 230509b bl.|||m| |||| 00| 0 por d | ||
| 040 |
_aBR-BrBNA _bpor _cBiblioteca Nacional de Agricultura |
||
| 072 | _aF00 | ||
| 090 | _a2121 BR8304338 | ||
| 110 | 1 |
_aEmpresa de Assistencia Tecnica e Extensao Rural do Estado do Amazonas, Manaus (Brasil) _94036 |
|
| 245 | 1 | _aSistema de producao para guarana, estado do Amazonas [Paullinia cupana, Brasil] | |
| 260 | 3 |
_aManaus, AM (Brasil): _c1983. |
|
| 300 | _a31 p. | ||
| 490 |
_aSistema de Producao - Empresa de Assistencia Tecnica e Extensao Rural do Estado do Amazonas (Brazil) _vno. 1 _x |
||
| 500 | _a12 illus. | ||
| 650 | _aGUARANA | ||
| 650 | _aSISTEMA DE PRODUCAO | ||
| 650 | _aPRATICA CULTURAL | ||
| 650 | _aDEFESA VEGETAL | ||
| 650 | _aAMAZONAS | ||
| 909 |
_a202312 _bLúcia Elande _c55 _dLúcia Elande |
||
| 942 |
_2AGRIS _n0 _cMS |
||
| 999 |
_c276489 _d276489 |
||